Combien de ville de l'Allier (03) connais-tu ? - Statistiques

Statistiques générales
  • Ce quiz a été pris 18 fois
  • Le résultat moyen est 38 sur 317
Statistiques - réponses
Code postal Ville % Correct
3100 Montluçon
82%
3000 Moulins
82%
3200 Vichy
82%
3401 Yzeure
71%
3600 Commentry
53%
3800 Gannat
53%
3500 Saint-Pourçain-sur-Sioule
47%
3400 Toulon-sur-Allier
47%
3000 Avermes
41%
3430 Cosne-d'Allier
41%
3306 Cusset
41%
3290 Dompierre-sur-Besbre
41%
3120 Lapalisse
41%
3150 Varennes-sur-Allier
41%
3700 Bellerive-sur-Allier
35%
3160 Bourbon-l'Archambault
35%
3300 Creuzier-le-Neuf
35%
3300 Creuzier-le-Vieux
35%
3410 Domérat
35%
3190 Hérisson
35%
3390 Montmarault
35%
3210 Souvigny
35%
3240 Tronget
35%
3440 Buxières-les-Mines
29%
3230 Gannay-sur-Loire
29%
3400 Gennetines
29%
3220 Jaligny-sur-Besbre
29%
3320 Lurcy-Lévis
29%
3250 Mayet-de-Montagne
29%
3310 Néris-les-Bains
29%
3340 Neuilly-le-Réal
29%
3000 Neuvy
29%
3260 Saint-Germain-des-Fossés
29%
3290 Saint-Pourçain-sur-Besbre
29%
3410 Saint-Victor
29%
3460 Villeneuve-sur-Allier
29%
3200 Abrest
24%
3360 Ainay-le-Château
24%
3230 Beaulon
24%
3000 Bressolles
24%
3350 Cérilly
24%
3230 Chevagnes
24%
3230 Chézy
24%
3000 Coulandon
24%
3630 Désertines
24%
3290 Diou
24%
3130 Donjon
24%
3230 Lusigny
24%
3340 Montbeugny
24%
3240 Montet
24%
3210 Saint-Menoux
24%
3270 Saint-Yorre
24%
3220 Thionne
24%
3190 Vallon-en-Sully
24%
3220 Vaumas
24%
3200 Vernet
24%
3460 Aurouër
18%
3340 Bessay-sur-Allier
18%
3210 Besson
18%
3800 Biozat
18%
3110 Broût-Vernet
18%
3340 Chapeau
18%
3300 Chapelle
18%
3230 Chapelle-aux-Chasses
18%
3110 Charmeil
18%
3800 Charmes
18%
3210 Châtillon
18%
3210 Chemilly
18%
3320 Couleuvre
18%
3240 Deux-Chaises
18%
3450 Ébreuil
18%
3230 Garnat-sur-Engièvre
18%
3340 Gouise
18%
3380 Huriel
18%
3800 Jenzat
18%
3800 Mayet-d'École
18%
3360 Meaulne-Vitray
18%
3150 Montaigu-le-Blin
18%
3190 Nassigny
18%
3210 Noyant-d'Allier
18%
3360 Saint-Bonnet-Tronçais
18%
3700 Serbannes
18%
3230 Thiel-sur-Acolin
18%
3240 Treban
18%
3220 Treteau
18%
3460 Trévol
18%
3220 Varennes-sur-Tèche
18%
3190 Vaux
18%
3110 Vendat
18%
3160 Ygrande
18%
3210 Agonges
12%
3120 Arfeuilles
12%
3460 Aubigny
12%
3460 Bagneux
12%
3500 Bayet
12%
3260 Billy
12%
3170 Bizeneuille
12%
3360 Braize
12%
3350 Brethon
12%
3270 Busset
12%
3140 Chantelle
12%
3380 Chapelaude
12%
3510 Chassenard
12%
3320 Château-sur-Allier
12%
3500 Châtel-de-Neuvre
12%
3160 Couzon
12%
3240 Cressanges
12%
3110 Escurolles
12%
3140 Étroussat
12%
3140 Fleuriel
12%
3160 Franchesse
12%
3190 Haut-Bocage
12%
3420 Marcillat-en-Combraille
12%
3210 Marigny
12%
3500 Meillard
12%
3210 Meillers
12%
3510 Molinet
12%
3300 Molles
12%
3000 Montilly
12%
3130 Neuilly-en-Donjon
12%
3320 Neure
12%
3230 Paray-le-Frésil
12%
3800 Poëzat
12%
3320 Pouzy-Mésangy
12%
3410 Prémilhat
12%
3380 Quinssaines
12%
3240 Rocles
12%
3300 Saint-Étienne-de-Vicq
12%
3220 Saint-Léon
12%
3160 Saint-Léopardin-d'Augy
12%
3230 Saint-Martin-des-Lais
12%
3160 Saint-Plaisir
12%
3120 Saint-Prix
12%
3220 Saint-Voir
12%
3470 Saligny-sur-Roudon
12%
3220 Sorbier
12%
3240 Theil
12%
3430 Tortezais
12%
3220 Trézelles
12%
3190 Verneix
12%
3450 Vicq
12%
3430 Villefranche-d'Allier
12%
3140 Voussac
12%
3250 Arronnes
6%
3210 Autry-Issards
6%
3140 Barberier
6%
3170 Bézenet
6%
3120 Billezois
6%
3390 Blomard
6%
3150 Boucé
6%
3130 Bouchaud
6%
3500 Bransat
6%
3210 Bresnay
6%
3700 Brugheas
6%
3600 Celle
6%
3250 Chabanne
6%
3250 Châtel-Montagne
6%
3220 Châtelperron
6%
3120 Châtelus
6%
3440 Chavenon
6%
3220 Chavroches
6%
3370 Chazemais
6%
3330 Chirat-l'Église
6%
3450 Chouvigny
6%
3220 Cindré
6%
3110 Cognat-Lyonne
6%
3470 Coulanges
6%
3170 Deneuille-les-Mines
6%
3330 Échassières
6%
3110 Espinasse-Vozelle
6%
3190 Estivareilles
6%
3250 Ferrières-sur-Sichon
6%
3340 Ferté-Hauterive
6%
3140 Fourilles
6%
3210 Gipcy
6%
3250 Guillermie
6%
3360 Isle-et-Bardais
6%
3120 Isserpent
6%
3450 Lalizolle
6%
3250 Laprugne
6%
3100 Lavault-Sainte-Anne
6%
3130 Lenax
6%
3410 Lignerolles
6%
3320 Limoise
6%
3500 Loriges
6%
3500 Louchy-Montfand
6%
3350 Louroux-Bourbonnais
6%
3330 Louroux-de-Bouble
6%
3130 Luneau
6%
3260 Magnet
6%
3600 Malicorne
6%
3260 Marcenat
6%
3270 Mariol
6%
3800 Mazerier
6%
3340 Mercy
6%
3140 Monestier
6%
3500 Monétay-sur-Allier
6%
3470 Monétay-sur-Loire
6%
3130 Montaiguët-en-Forez
6%
3800 Monteignet-sur-l'Andelot
6%
3150 Montoldre
6%
3390 Murat
6%
3450 Nades
6%
3330 Naves
6%
3250 Nizerolles
6%
3500 Paray-sous-Briailles
6%
3120 Périgny
6%
3470 Pierrefitte-sur-Loire
6%
3130 Pin
6%
3190 Reugny
6%
3150 Rongères
6%
3160 Saint-Aubin-le-Monial
6%
3390 Saint-Bonnet-de-Four
6%
3800 Saint-Bonnet-de-Rochefort
6%
3190 Saint-Caprais
6%
3120 Saint-Christophe-en-Bourbonnais
6%
3250 Saint-Clément
6%
3370 Saint-Désiré
6%
3130 Saint-Didier-en-Donjon
6%
3110 Saint-Didier-la-Forêt
6%
3400 Saint-Ennemond
6%
3140 Saint-Germain-de-Salles
6%
3440 Saint-Hilaire
6%
3130 Saint-Léger-sur-Vouzance
6%
3150 Saint-Loup
6%
3250 Saint-Nicolas-des-Biefs
6%
42620 Saint-Pierre-Laval
6%
3110 Saint-Pont
6%
3240 Saint-Sornin
6%
3500 Saulcet
6%
3800 Saulzet
6%
3120 Servilly
6%
3450 Sussat
6%
3140 Target
6%
3350 Theneuille
6%
3360 Urçay
6%
3140 Ussel-d'Allier
6%
3330 Valignat
6%
3360 Valigny
6%
3450 Veauce
6%
3500 Verneuil-en-Bourbonnais
6%
3390 Vernusse
6%
3320 Veurdre
6%
3430 Vieure
6%
3350 Vilhain
6%
3310 Villebret
6%
3120 Andelaroche
0%
3380 Archignat
0%
3420 Arpheuilles-Saint-Priest
0%
3190 Audes
0%
3130 Avrilly
0%
3120 Barrais-Bussolles
0%
3390 Beaune-d'Allier
0%
3800 Bègues
0%
3330 Bellenaves
0%
3130 Bert
0%
3300 Bost
0%
3120 Breuil
0%
3500 Cesset
0%
3370 Chambérat
0%
3170 Chamblet
0%
3390 Chappes
0%
3140 Chareil-Cintrat
0%
3140 Charroux
0%
3140 Chezelle
0%
3600 Colombier
0%
3500 Contigny
0%
3370 Courçais
0%
3330 Coutansouze
0%
3150 Créchy
0%
3140 Deneuille-lès-Chantelle
0%
3170 Doyet
0%
3120 Droiturier
0%
3310 Durdat-Larequille
0%
3270 Hauterive
0%
3600 Hyds
0%
3500 Laféline
0%
3380 Lamaids
0%
3150 Langy
0%
3250 Lavoine
0%
3360 Lételon
0%
3130 Liernolles
0%
3130 Loddes
0%
3600 Louroux-de-Beaune
0%
3420 Mazirat
0%
3370 Mesples
0%
3130 Montcombroux-les-Mines
0%
3500 Montord
0%
3170 Montvicq
0%
3420 Petite-Marche
0%
3420 Ronnet
0%
3170 Saint-Angel
0%
3370 Saint-Éloy-d'Allier
0%
3420 Sainte-Thérence
0%
3420 Saint-Fargeol
0%
3260 Saint-Félix
0%
3310 Saint-Genest
0%
3340 Saint-Gérand-de-Vaux
0%
3150 Saint-Gérand-le-Puy
0%
3420 Saint-Marcel-en-Marcillat
0%
3390 Saint-Marcel-en-Murat
0%
3380 Saint-Martinien
0%
3370 Saint-Palais
0%
3800 Saint-Priest-d'Andelot
0%
3390 Saint-Priest-en-Murat
0%
3110 Saint-Rémy-en-Rollat
0%
3370 Saint-Sauvier
0%
3150 Sanssat
0%
3430 Sauvagny
0%
3390 Sazeret
0%
3260 Seuillet
0%
3140 Taxat-Senat
0%
3410 Teillet-Argenty
0%
3420 Terjat
0%
3380 Treignat
0%
3190 Venas
0%
3370 Viplaix
0%
Aucun quiz correspondant
Distribution des résultats
% des personnes avec chaque résultat
Percentile par nombre de réponses
Votre historique - résultats
Vous n’avez pas pris ce quiz